Statistics for Green Acres Quiz

Click here to take the quiz!

General Stats

  • This quiz has been taken 116 times
  • The average score is 10 of 20

Answer Stats

HintAnswer% Correct
He's a New York lawyer who bought a farmOliver Wendell Douglas
91%
He tries to sell just about anything to anyoneMr. Eustace Haney
77%
She's a New York socialite who's not a very good cookLisa Douglas
75%
Who is their tall, lanky young farmhand?Eb Dawson
72%
What's the name of the farm they bought?Green Acres
70%
What's the name of the town where the series is based?Hooterville
70%
He's a pig, but doesn't really know or act like itArnold Ziffel
65%
Who runs the general store in town?Sam Drucker
59%
He owns the local pig farmMr. Ziffel
54%
Owner of the Shady Rest Hotel who shows up sometimesUncle Joe Carson
52%
The female carpenter with the male nameRalph Monroe
48%
What other towns were nearby?Pixley & Crabwell Corners
38%
What's the name of the local train?The Cannonball
34%
The male carpenter who never finishes the bedroomAlf Monroe
33%
He's the county agricultural agentHank Kimball
33%
She's the unseen telephone operatorSarah
25%
He runs the train mentioned aboveFloyd Smoot
19%
What was the cow's name?Eleanor
18%
...and the name of the hen who provides the eggs?Alice
10%
What fictional brand of tractor was used on the farm?Hoyt-Clagwell
9%

Score Distribution

Percentile by Number Answered

Percent of People with Each Score

Your Score History

You have not taken this quiz